Culture Générale - Série 1669 - Statistiques

Statistiques générales
  • Ce quiz a été pris 91 fois
  • Le résultat moyen est 7 sur 10
Statistiques - réponses
Question Réponse % Correct
Dans la banlieue de quelle capitale européenne, le tournoi de tennis de Wimbledon se déroule-t-il ? Londres
96%
Quel insecte carnassier, aux pattes antérieures ravisseuses, peut être "religieuse" ? mante
95%
Quel animal est le plus rapide sur terre ? guépard
86%
Dans quel pays d'Europe se trouve le circuit automobile de Spa-Francorchamps ? Belgique
85%
Quel sex-symbol hollywoodien prénommé George a pris ses quartiers au musée Grévin à Paris, en juillet 2010 ? George Clooney
85%
Quels poissons élève principalement un carpiculteur ? carpes
83%
Aux États-Unis, quel État se situe entre le Nouveau-Mexique et la Louisiane ? Texas
73%
Quelle est la capitale de l'Estonie ? Tallinn
65%
En France, qui fut le dernier Président de la Troisième République ? Albert Lebrun
41%
Quel est le prénom de la fille unique de Bill et Hillary Clinton ? Chelsea
35%
Aucun quiz correspondant
Distribution des résultats
% des personnes avec chaque résultat
Percentile par nombre de réponses
Votre historique - résultats
Vous n’avez pas pris ce quiz